| 000 | 00878nam a2200265 i 4500 | ||
|---|---|---|---|
| 001 | 177670 | ||
| 003 | ES-MaACL | ||
| 005 | 20250902055927.0 | ||
| 008 | 110411s1986 sp ||||1| spa d | ||
| 020 | _a84-505-4743-1 | ||
| 080 | _a658 | ||
| 100 | 1 |
_aRodríguez Fernández, Carlos. _998515 |
|
| 245 | 1 | 0 |
_aCómo crear una empresa / _cCarlos Rodríguez Fernández, Concepción Fernández Fernández. |
| 250 | _a3ª ed. corr. y act. | ||
| 260 |
_a[Madrid] : _bInstituto de la Pequeña y Mediana Empresa Industrial, _c1986. |
||
| 300 |
_a109 p. ; _c21 cm. |
||
| 490 | 1 |
_aManuales IMPI ; _v1 |
|
| 500 | _aÍndice. | ||
| 504 | _aBibliografía: p. [110] | ||
| 650 | 1 | 7 |
_aEmpresas _2embne _912209 |
| 700 | 1 |
_aFernández Fernández, Concepción. _949772 |
|
| 830 | 0 |
_aManuales IMPI ; _v1 _9190542 |
|
| 852 |
_aES-MaACL _jE-14868 _xOlim P-518 |
||
| 999 |
_c177670 _d177670 |
||